Green Development : Environment and Sustainability in the Third World /

Síntesis que reúne los principales planteamientos teóricos sobre la sustentabilidad y una serie de propuestas prácticas para el desarrollo de políticas en el Tercer Mundo. Es revisada la evolución del pensamiento sobre el desarrollo sustentable en las tres últimas décadas del siglo XX, al tiempo que...

Descripció completa

Guardat en:
Dades bibliogràfiques
Autor principal: Adams, William Mark (autor)
Format: Llibre
Idioma:anglès
Publicat: Londres, Inglaterra : Routledge, 2001, c2001
Edició:2a edición
Matèries:
Etiquetes: Afegir etiqueta
Sense etiquetes, Sigues el primer a etiquetar aquest registre!

MARC

LEADER 00000nam^a2200000^a^4500
001 000137270
005 20250521000000.0
009 20260526123932.81
020 |a 0-415-14766-2 
037 |a Acervo ITESO - Biblioteca 
041 |a ING 
082 |a 333. 7091724  |b ADA 
100 |a Adams, William Mark  |e (autor) 
245 1 0 |a Green Development :  |b Environment and Sustainability in the Third World /  |c W.M. Adams. 
250 |a 2a edición 
264 4 |a Londres, Inglaterra :  |b Routledge,  |c 2001, c2001 
300 |a XXVI, 445 p. 
336 |a texto  |b txt  |2 rdacontenido 
337 |a sin mediación  |b n  |2 rdamedio 
338 |a volumen  |b nc  |2 rdasoporte 
520 |a Síntesis que reúne los principales planteamientos teóricos sobre la sustentabilidad y una serie de propuestas prácticas para el desarrollo de políticas en el Tercer Mundo. Es revisada la evolución del pensamiento sobre el desarrollo sustentable en las tres últimas décadas del siglo XX, al tiempo que se examinan las ideas dominantes dentro de este ámbito, tales como modernización ecológica, el ambientalismo de mercado y la economía ambiental, y las propuestas alternativas procedentes, por ejemplo, del ecosocialismo y el ecofeminismo. El autor aborda, asimismo, los problemas de la degradación ambiental y los impactos ambientales del desarrollo; ideas acerca de ecología política y sociedad de riesgo para aplicarse a los desafíos de la deforestación, la contaminación y la conservación; la evaluación ambiental y la planeación de proyectos para el desarrollo. 
649 |a XX 
650 |a Desarrollo Sustentable 
650 |a Desarrollo Económico-Social 
650 |a Movimientos Ecologistas 
650 |a Movimientos Sociales 
650 |a Conservación y Protección Ambiental 
650 |a Impacto Ambiental 
650 |a Riesgo Ambiental 
650 |a Política Ambiental 
650 |a Ecología 
650 |a Economía 
650 |a Países Subdesarrollados -  |x Condiciones Económicas 
910 |a Fondo General 
920 |a Impresos - Libros 
930 |a Colección General 
905 |a 101 
901 |a 0500065904  |b IT1  |c ACC  |u 20250521 
902 |a https://opac.biblio.iteso.mx/vufind/Record/000137270